Американские фильмы - Statistics

General Stats
  • This quiz has been taken 215 times
    214 since last reset
  • The average score is 6 of 16
Answer Stats
Picture Answer % Correct
Крёстный отец
78%
Крепкий орешек
66%
Лицо со шрамом
63%
Спасти рядового Райана
54%
Джанго освобождённый
49%
Старикам тут не место
47%
Унесённые ветром
44%
Шестое чувство
41%
Челюсти
30%
Римские каникулы
28%
Славные парни
23%
Касабланка
22%
Гражданин Кейн
17%
Земля кочевников
15%
Полуночный ковбой
6%
Манхэттен
2%
No matching quizzes found
Score Distribution
Percent of People with Each Score
Percentile by Number Answered
Your Score History
You have not taken this quiz since the last reset